Music Quiz

Random Music Quiz

Pop-Punk Musicians With Puppies Quiz Stats

 Plays Quiz not verified by Sporcle

Score 0/30 Timer 09:00
1 Play Today
% Correct
Brendon Urie
91.3%
Pete Wentz
89.9%
Patrick Stump
87.6%
Billie Joe Armstrong
84.2%
Hayley Williams
81.9%
Frank Iero
79.5%
Vic Fuentes
79.2%
Kellin Quinn
75.8%
Andy Hurley
74.8%
Oli Sykes
71.5%
Alex Gaskarth
71.5%
Ryan Ross
66.8%
Jack Barakat
64.1%
Joe Trohman
63.8%
Mark Hoppus
63.1%
% Correct
Awsten Knight
59.7%
Tony Perry
44.3%
Benji Madden
43%
Jaime Preciado
40.3%
Jeremy McKinnon
37.9%
Tom Delonge
36.2%
Cody Carson
35.2%
Tyson Ritter
31.9%
Ben Barlow
31.2%
Pierre Bouvier
28.5%
Gabe Saporta
25.2%
Travis Clark
24.5%
Jenna McDougall
22.8%
Tay Jardine
22.1%
Josh Franceschi
14.1%

You're not logged in!

Compare scores with friends on all Sporcle quizzes.
OR
Log In

Sporcle TV

Today on Sporcle TV


Watch our educational content, quiz creation guides, and fun videos on Sporcle TV.

Show Comments

Extras

Top Quizzes Today


Score Distribution

Your Account Isn't Verified!

In order to create a playlist on Sporcle, you need to verify the email address you used during registration. Go to your Sporcle Settings to finish the process.

Report this User

Report this user for behavior that violates our Community Guidelines.

Details: